| 000 | 00380nam a22001457a 4500 | ||
|---|---|---|---|
| 020 | _a9789696625049 | ||
| 082 |
_a891.4391 _bIRF |
||
| 100 | _aKaif Irfani | ||
| 245 |
_aMuhabbat sath rakhta hun/ _cKaif Irfani |
||
| 260 |
_aJhelum: _bBook Corner; _c2023. |
||
| 300 | _a175p. | ||
| 563 | _aHB | ||
| 650 |
_aUrdu poetry _aUrdu Naat _aPunjabi kalam _9118001 |
||
| 942 |
_2ddc _cBK |
||
| 999 |
_c595249 _d595249 |
||